000 00351nam a2200145Ia 4500
008 221030s9999 xx 000 0 und d
041 _aEnglish
082 _a105.23
100 _aS.s. Sabharwal
245 0 _aApplied Mathematics Vol. I
_cby S.s. Sabharwal , P. K. Aggarwal
260 _c0
650 _aB
700 _aP. K. Aggarwal
942 _cBK
999 _c11675
_d11675